| 000 | 00626cam a22002051 4500 | ||
|---|---|---|---|
| 005 | 20131029061848.0 | ||
| 008 | 770419s1961 cau b 000 0 eng | ||
| 041 | 0 | _aeng | |
| 080 | _a327.39 | ||
| 100 | 1 |
_aWhitaker, Urban George, _d1924- _eed. |
|
| 245 | 1 | 0 | _aNationalism and international progress. |
| 250 | _aRev. and enl. ed. | ||
| 260 |
_aSan Francisco, _bChandler Pub. Co. _c[1961] |
||
| 300 |
_a218 p. _c21 cm. |
||
| 490 | 0 | _aChandler studies in international and intercultural relations | |
| 500 | _aPreface to the Series : f. V-VII | ||
| 504 | _aIncludes bibliography. | ||
| 650 | 0 | _aNacionalizmi | |
| 942 |
_2udc _cBK |
||
| 999 |
_c194 _d194 |
||